000
00182 a2200097 4500
001
3668
100
_a
Andrus, J R
245
_a
260
_a
_b
Govt of Pak
_c
090
_c
2929
_d
2929
942
_a
NUST-CAE
_c
M
_c
21435
999
_c
238741
_d
238741